ধান চাষে কৃষকের প্রাথমিক জ্ঞান / (Record no. 1086)

MARC details
000 -LEADER
fixed length control field 00878nam a22002057a 4500
001 - CONTROL NUMBER
control field BD-DhSAU 1086
003 - CONTROL NUMBER IDENTIFIER
control field BD-DhSAU
005 - DATE AND TIME OF LATEST TRANSACTION
control field 20150112002729.0
008 - FIXED-LENGTH DATA ELEMENTS--GENERAL INFORMATION
fixed length control field 150112b1985 a||||r|||| 000 0 d
040 ## - CATALOGING SOURCE
Original cataloging agency BD-DhSAU
082 ## - DEWEY DECIMAL CLASSIFICATION NUMBER
Edition number 22
Classification number ৬৩১.৫৩১৮
Item number ধানচা
110 ## - MAIN ENTRY--CORPORATE NAME
Corporate name or jurisdiction name as entry element বাংলাদেশ ধান গবেষণা ইনস্টিটিউট।
245 ## - TITLE STATEMENT
Title ধান চাষে কৃষকের প্রাথমিক জ্ঞান /
260 ## - PUBLICATION, DISTRIBUTION, ETC. (IMPRINT)
Place of publication, distribution, etc. ঢাকা :
Name of publisher, distributor, etc. বাংলাদেশ ধান গবেষণা ইনস্টিটিউট ;
Date of publication, distribution, etc. ১৯৮৫।
300 ## - PHYSICAL DESCRIPTION
Extent ২২৫ পৃ. :
Other physical details চিত্র ;
Dimensions ২১ সেমি।
590 ## - Name of Cataloguer
Name of Cataloger joy
650 ## - SUBJECT ADDED ENTRY--TOPICAL TERM
Topical term or geographic name as entry element কৃষিকার্য।
650 ## - SUBJECT ADDED ENTRY--TOPICAL TERM
Topical term or geographic name as entry element কৃষক।
General subdivision ধান চাষ।
700 ## - ADDED ENTRY--PERSONAL NAME
Personal name ভারগারা, বেনিটো এস।
942 ## - ADDED ENTRY ELEMENTS (KOHA)
Source of classification or shelving scheme Dewey Decimal Classification
Koha item type Book
Holdings
Withdrawn status Lost status Source of classification or shelving scheme Damaged status Not for loan Home library Branch Name Shelving location Date acquired Total Checkouts Full call number Barcode Date last seen Date checked out Price effective from Koha item type Collection code
    Dewey Decimal Classification     SAU Library SAU Library General Stacks 02/08/2000 6 ৬৩১.৫৩১৮ ধানচা 27993 10/02/2025 01/01/2025 12/01/2015 Book  
    Dewey Decimal Classification     SAU Library SAU Library General Stacks 02/08/2000   ৬৩১.৫৩১৮ ধানচা 10313 12/01/2015   12/01/2015 Book  
    Dewey Decimal Classification     SAU Library SAU Library General Stacks 02/08/2000 4 ৬৩১.৫৩১৮ ধানচা 27997 01/04/2026 09/03/2026 12/01/2015 Book  
    Dewey Decimal Classification     SAU Library SAU Library General Stacks 02/08/2000   ৬৩১.৫৩১৮ ধানচা 10314 12/01/2015   12/01/2015 Book  
    Dewey Decimal Classification     SAU Library SAU Library General Stacks 02/08/2000 1 ৬৩১.৫৩১৮ ধানচা 31521 11/03/2025 25/11/2024 12/01/2015 Book  
    Dewey Decimal Classification     SAU Library SAU Library General Stacks 02/08/2000   ৬৩১.৫৩১৮ ধানচা 27996 12/01/2015   12/01/2015 Book  
    Dewey Decimal Classification     SAU Library SAU Library General Stacks 02/08/2000 4 ৬৩১.৫৩১৮ ধানচা 31500 07/01/2026 02/11/2025 12/01/2015 Book  
    Dewey Decimal Classification     SAU Library SAU Library General Stacks 02/08/2000   ৬৩১.৫৩১৮ ধানচা 10306 30/03/2026   12/01/2015 Book  
    Dewey Decimal Classification     SAU Library SAU Library General Stacks 02/08/2000   ৬৩১.৫৩১৮ ধানচা 26710 12/01/2015   12/01/2015 Book  
    Dewey Decimal Classification     SAU Library SAU Library General Stacks 02/08/2000   ৬৩১.৫৩১৮ ধানচা 10315 12/01/2015   12/01/2015 Book  
    Dewey Decimal Classification     SAU Library SAU Library General Stacks 02/08/2000   ৬৩১.৫৩১৮ ধানচা 10320 12/01/2015   12/01/2015 Book  
    Dewey Decimal Classification     SAU Library SAU Library General Stacks 02/08/2000   ৬৩১.৫৩১৮ ধানচা 27995 12/01/2015   12/01/2015 Book  
    Dewey Decimal Classification     SAU Library SAU Library General Stacks 02/08/2000   ৬৩১.৫৩১৮ ধানচা 30830 12/01/2015   12/01/2015 Book  
    Dewey Decimal Classification     SAU Library SAU Library General Stacks 02/08/2000   ৬৩১.৫৩১৮ ধানচা 10317 12/01/2015   12/01/2015 Book  
    Dewey Decimal Classification     SAU Library SAU Library General Stacks 02/08/2000   ৬৩১.৫৩১৮ ধানচা 10321 12/01/2015   12/01/2015 Book  
    Dewey Decimal Classification     SAU Library SAU Library General Stacks 02/08/2000   ৬৩১.৫৩১৮ ধানচা 27994 12/01/2015   12/01/2015 Book  
    Dewey Decimal Classification   Not For Loan SAU Library SAU Library Reference 03/07/2007   ৬৩১.৫৩১৮ ধানচা 32353 03/05/2015   03/05/2015 Book Reference
    Dewey Decimal Classification     SAU Library SAU Library General Stacks 20/10/2005   ৬৩১.৫৩১৮ ধানচা 31499 16/07/2015   16/07/2015 Book